[Event "53rd Women Tournament 2022"]
[Site "Belgrade"]
[Date "2022.04.05"]
[Round "9.3"]
[White "Srdanovic, Jovana"]
[Black "Lu, Miaoyi"]
[Result "0-1"]
[WhiteElo "2194"]
[BlackElo "2182"]
[Annotator "TA"]
[PlyCount "64"]
[EventDate "2022.03.28"]
[EventType "tourn"]
[EventCountry "SRB"]
[SourceTitle "playchess.com"]
[Source "ChessBase"]
[SourceQuality "1"]
[TimeControl "40/5400+30:1800+30"]

{[%evp 18,64,21,17,29,7,11,5,15,4,4,8,10,-13,0,0,0,0,0,0,7,0,-6,-43,-47,-61,-63,-108,0,0,0,-110,-111,-203,-210,-210,-205,-199,-189,-461,-455,-426,-422,-1074,-1074,-1047,-1042,-29982,-29983]} 1. d4 {[%emt 0:00:03]} d5 {[%emt 0:00:04]} 2. Bf4 {[%emt 0:00:23]} Nf6 {[%emt 0:00:04]} 3. e3 {[%emt 0:00:19]} e6 {[%emt 0:00:33]} 4. Nd2 {[%emt 0:01:48]} Bd6 {[%emt 0:00:05]} 5. Bg3 {[%emt 0:00:09]} O-O {[%emt 0:00:05]} 6. Ngf3 {[%emt 0:00:44]} b6 {[%emt 0:03:40]} 7. Ne5 {[%emt 0:05:48]} Ba6 {[%emt 1:29:29]} 8. Bxa6 {[%emt 0:09:22]} Nxa6 {[%emt 0:00:00]} 9. Bh4 {[%emt 1:16:24]} Qe8 {[%emt 0:00:00]} 10. O-O {[%emt 0:00:00]} Nd7 {[%emt 0:00:00]} 11. Nxd7 {[%emt 0:00:00]} Qxd7 {[%emt 0:00:00]} 12. Qe2 {[%emt 0:00:00]} Nb8 {[%emt 0:00:00]} 13. e4 {[%emt 0:00:00]} c5 {[%emt 0:00:00]} 14. dxc5 {[%emt 0:00:00]} bxc5 {[%emt 0:00:00]} 15. Qg4 {[%emt 0:03:00]} f5 {[%emt 0:00:00]} 16. exf5 {[%emt 0:00:00]} Rxf5 {[%emt 0:00:00]} 17. Bg3 {[%emt 0:00:00]} Nc6 {[%emt 0:00:00]} 18. c3 {[%emt 0:00:00]} Raf8 {[%emt 0:05:30]} 19. Bxd6 {[%emt 0:00:00]} Qxd6 {[%emt 0:00:00]} 20. Rad1 {[%emt 0:02:30]} Ne5 {[%emt 0:00:00]} 21. Qg3 {[%emt 0:00:00]} Qb6 {[%emt 0:00:00]} 22. Nb3 {[%emt 0:01:00]} Nc4 {[%emt 0:02:00]} (22... R8f6 $17 {Strongly threatening ...Rg6.} 23. Qh4 Qd6) 23. Nd2 $1 $11 {[%emt 0:00:30]} Ne5 {[%emt 0:00:00]} (23... Nxb2 $11 24. Rb1 R5f6) 24. Nb3 $1 $17 {[%emt 0:00:00]} a5 {[%emt 0:01:00]} 25. Qe3 {[%emt 0:00:00]} (25. Nd2 $17 {was worth a try.}) 25... Ng4 $19 {[%emt 0:00:30]} 26. Qxc5 {[%emt 0:00:00]} Qb8 {[%emt 0:00:30]} 27. g3 {[%emt 0:00:03] [#]} Nxf2 $1 {[%emt 0:00:30]} 28. Rb1 $2 {[%emt 0:00:40]} (28. Nd4 {was the only chance.} R5f6 {[#]} 29. Rxf2 $1 Rxf2 30. Nxe6) 28... Qe5 {[%emt 0:00:30]} 29. Rbe1 {[%emt 0:01:41]} Qf6 {[%emt 0:00:00]} 30. Qe3 {[%emt 0:00:23]} (30. Qd4 $142 Nh3+ 31. Kg2 Rxf1 32. Qxf6 R1xf6 33. Kxh3) 30... Nh3+ $19 {[%emt 0:00:00]} 31. Kg2 {[%emt 0:00:04]} Rxf1 {[%emt 0:00:00]} 32. Kxh3 {[%emt 0:00:04]} Qf5+ {[%emt 0:00:00]} 0-1

[Event "53rd Women Tournament 2022"]
[Site "Belgrade"]
[Date "2022.04.05"]
[Round "9.4"]
[White "Xu, Yuanyuan"]
[Black "Grozdanovic, Anastasia"]
[Result "1-0"]
[WhiteElo "2317"]
[BlackElo "2005"]
[Annotator "RC"]
[PlyCount "65"]
[EventDate "2022.03.28"]
[EventType "tourn"]
[EventCountry "SRB"]
[SourceTitle "playchess.com"]
[Source "ChessBase"]
[SourceQuality "1"]
[TimeControl "40/5400+30:1800+30"]

1. d4 {[%emt 0:00:02]} d5 {[%emt 0:00:05]} 2. c4 {[%emt 0:00:07]} e6 {[%emt 0:01:00]} 3. Nc3 {[%emt 0:03:19]} c5 {[%emt 0:00:57]} 4. cxd5 {[%emt 0:06:48]} exd5 {[%emt 0:00:06]} 5. Nf3 {[%emt 0:00:10]} Nc6 {[%emt 0:01:25]} 6. Bg5 {[%emt 0:00:17]} Be7 {[%emt 0:01:05]} 7. Bxe7 {[%emt 0:02:08]} Ngxe7 {[%emt 0:00:05]} 8. dxc5 {[%emt 0:02:29]} O-O {[%emt 0:04:02]} 9. e3 {[%emt 0:07:16]} Bg4 {[%emt 0:03:44]} 10. Be2 {[%emt 0:03:09]} Qa5 {[%emt 0:00:51]} 11. Qa4 {[%emt 0:01:39]} Qxa4 {[%emt 0:03:39]} 12. Nxa4 {[%emt 0:00:02]} Rfd8 {[%emt 0:10:46]} 13. O-O {[%emt 0:02:24]} Bxf3 {[%emt 0:03:00]} 14. Bxf3 {[%emt 0:00:11]} d4 {[%emt 0:00:05]} 15. exd4 {[%emt 0:08:37]} Rxd4 {[%emt 0:00:06]} 16. b3 {[%emt 0:01:27]} Kf8 {[%emt 0:02:32]} 17. Rfd1 {[%emt 0:01:22]} Rb4 {[%emt 0:00:44]} 18. g3 {[%emt 0:05:07]} Rc8 {[%emt 0:04:40]} 19. Bg2 {[%emt 0:01:48]} Nd8 {[%emt 0:07:05]} 20. Rd7 {[%emt 0:02:50]} Rb8 {[%emt 0:09:26]} 21. Rad1 {[%emt 0:03:38]} Ne6 {[%emt 0:01:46]} 22. Nc3 {[%emt 0:06:14]} Ke8 {[%emt 0:03:02]} 23. Rxe7+ {[%emt 0:00:32]} Kxe7 {[%emt 0:00:11]} 24. Nd5+ {[%emt 0:00:04]} Ke8 {[%emt 0:00:51]} 25. Nxb4 {[%emt 0:00:08]} Nxc5 {[%emt 0:00:10]} 26. Nd3 {[%emt 0:02:48]} Ne6 {[%emt 0:00:50]} 27. Ne5 {[%emt 0:00:20]} f6 {[%emt 0:00:46]} 28. Nc4 {[%emt 0:02:05]} Ke7 {[%emt 0:00:15]} 29. Re1 {[%emt 0:00:36]} b5 {[%emt 0:00:26]} 30. Bd5 {[%emt 0:01:36]} bxc4 {[%emt 0:00:30]} 31. Rxe6+ {[%emt 0:00:08]} Kd7 {[%emt 0:00:10]} 32. Bxc4 {[%emt 0:00:10]} Rb4 {[%emt 0:00:11]} 33. Ra6 {[%emt 0:00:22]} 1-0

[Event "53rd Women Tournament 2022"]
[Site "Belgrade"]
[Date "2022.04.05"]
[Round "9.5"]
[White "Kovacevic, Radmila"]
[Black "Toncheva, Nadya"]
[Result "1/2-1/2"]
[WhiteElo "2072"]
[BlackElo "2207"]
[Annotator "TA"]
[PlyCount "26"]
[EventDate "2022.03.28"]
[EventType "tourn"]
[EventCountry "SRB"]
[SourceTitle "playchess.com"]
[Source "ChessBase"]
[SourceQuality "1"]

{[%evp 15,26,6,4,-10,-11,-27,-23,-42,0,-44,0,0,26]} 1. e4 c5 2. c3 d5 3. exd5 Qxd5 4. d4 Nf6 5. Nf3 Bg4 6. Be2 e6 7. h3 Bh5 8. O-O Nc6 9. dxc5 {B22: Sicilian: 2 c3.} Bxc5 10. Qxd5 Nxd5 {[#]} 11. Re1 $146 ({Predecessor:} 11. c4 Nb6 12. Nbd2 Bg6 13. Nb3 Be7 14. Bg5 Bxg5 15. Nxg5 Ne5 16. Nd2 Ke7 17. b3 {0-1 (49) Janzekovic,A (1536)-Nadvesnik,V (1895) Ljubljana 2015}) 11... O-O-O 12. Bg5 Be7 13. Bxe7 Ncxe7 {A balanced but interesting game.  Weighted Error Value: White=0.13 (very precise) /Black=0.29 (precise)} 1/2-1/2